<?xml version="1.0" encoding="UTF-8"?>
<record
    xmlns:xsi="http://www.w3.org/2001/XMLSchema-instance"
    xsi:schemaLocation="http://www.loc.gov/MARC21/slim http://www.loc.gov/standards/marcxml/schema/MARC21slim.xsd"
    xmlns="http://www.loc.gov/MARC21/slim">

  <leader>00354nam a22001217a 4500</leader>
  <controlfield tag="008">240227b        |||||||| |||| 00| 0 eng d</controlfield>
  <datafield tag="020" ind1=" " ind2=" ">
    <subfield code="a">9966-22-319-3</subfield>
  </datafield>
  <datafield tag="100" ind1=" " ind2=" ">
    <subfield code="a">NJOGU, KIMANI</subfield>
  </datafield>
  <datafield tag="245" ind1=" " ind2=" ">
    <subfield code="a">TANZU ZA LUGHA</subfield>
    <subfield code="b">KITATO CHA  PILI, KITABU CHA WANAFUNZI</subfield>
  </datafield>
  <datafield tag="260" ind1=" " ind2=" ">
    <subfield code="a">NAIROBI</subfield>
    <subfield code="b">THE JOMO KENYAATTA FOUNDATION </subfield>
    <subfield code="c">2003</subfield>
  </datafield>
  <datafield tag="300" ind1=" " ind2=" ">
    <subfield code="a">XII, 218P.</subfield>
  </datafield>
  <datafield tag="942" ind1=" " ind2=" ">
    <subfield code="2">lcc</subfield>
    <subfield code="c">BK</subfield>
  </datafield>
  <datafield tag="999" ind1=" " ind2=" ">
    <subfield code="c">209341</subfield>
    <subfield code="d">209341</subfield>
  </datafield>
  <datafield tag="952" ind1=" " ind2=" ">
    <subfield code="0">0</subfield>
    <subfield code="1">0</subfield>
    <subfield code="2">lcc</subfield>
    <subfield code="4">0</subfield>
    <subfield code="6">PL8702 T36  02003 V.00002</subfield>
    <subfield code="7">0</subfield>
    <subfield code="8">ARTS</subfield>
    <subfield code="9">338502</subfield>
    <subfield code="a">KSUL</subfield>
    <subfield code="b">KSUL</subfield>
    <subfield code="d">2024-02-27</subfield>
    <subfield code="i">44580</subfield>
    <subfield code="l">2</subfield>
    <subfield code="o">PL 8702 .T36 2003 V.2</subfield>
    <subfield code="p">000000002599</subfield>
    <subfield code="r">2025-03-31 11:21:19</subfield>
    <subfield code="s">2025-03-17</subfield>
    <subfield code="t">1</subfield>
    <subfield code="w">2024-02-27</subfield>
    <subfield code="y">BK</subfield>
  </datafield>
  <datafield tag="952" ind1=" " ind2=" ">
    <subfield code="0">0</subfield>
    <subfield code="1">0</subfield>
    <subfield code="2">lcc</subfield>
    <subfield code="4">0</subfield>
    <subfield code="6">PL8702 T36  02003 V.00002</subfield>
    <subfield code="7">0</subfield>
    <subfield code="8">ARTS</subfield>
    <subfield code="9">342299</subfield>
    <subfield code="a">KSUL</subfield>
    <subfield code="b">KSUL</subfield>
    <subfield code="c">DISPLAY</subfield>
    <subfield code="d">2024-05-08</subfield>
    <subfield code="i">44582</subfield>
    <subfield code="l">1</subfield>
    <subfield code="o">PL 8702 T 36 2003 V.2</subfield>
    <subfield code="p">000000003533</subfield>
    <subfield code="r">2026-02-23 15:12:17</subfield>
    <subfield code="s">2025-03-20</subfield>
    <subfield code="t">3</subfield>
    <subfield code="w">2024-05-08</subfield>
    <subfield code="y">BK</subfield>
  </datafield>
  <datafield tag="952" ind1=" " ind2=" ">
    <subfield code="0">0</subfield>
    <subfield code="1">0</subfield>
    <subfield code="2">lcc</subfield>
    <subfield code="4">0</subfield>
    <subfield code="6">PL8702 T36  02003 V.00002</subfield>
    <subfield code="7">0</subfield>
    <subfield code="8">ARTS</subfield>
    <subfield code="9">342303</subfield>
    <subfield code="a">KSUL</subfield>
    <subfield code="b">KSUL</subfield>
    <subfield code="c">DISPLAY</subfield>
    <subfield code="d">2024-05-08</subfield>
    <subfield code="i">44588</subfield>
    <subfield code="l">1</subfield>
    <subfield code="o">PL 8702 T 36 2003 V.2</subfield>
    <subfield code="p">000000003532</subfield>
    <subfield code="r">2025-03-26 13:34:21</subfield>
    <subfield code="s">2025-03-21</subfield>
    <subfield code="t">9</subfield>
    <subfield code="w">2024-05-08</subfield>
    <subfield code="y">BK</subfield>
  </datafield>
  <datafield tag="952" ind1=" " ind2=" ">
    <subfield code="0">0</subfield>
    <subfield code="1">0</subfield>
    <subfield code="2">lcc</subfield>
    <subfield code="4">0</subfield>
    <subfield code="6">PL8702 T36  02003 V.00002</subfield>
    <subfield code="7">0</subfield>
    <subfield code="8">ARTS</subfield>
    <subfield code="9">342304</subfield>
    <subfield code="a">KSUL</subfield>
    <subfield code="b">KSUL</subfield>
    <subfield code="c">DISPLAY</subfield>
    <subfield code="d">2024-05-08</subfield>
    <subfield code="i">44581</subfield>
    <subfield code="l">1</subfield>
    <subfield code="o">PL 8702 T 36 2003 V.2</subfield>
    <subfield code="p">000000003534</subfield>
    <subfield code="r">2025-04-03 16:08:12</subfield>
    <subfield code="s">2025-03-17</subfield>
    <subfield code="t">2</subfield>
    <subfield code="w">2024-05-08</subfield>
    <subfield code="y">BK</subfield>
  </datafield>
</record>
